000 00519 a2200169 4500
003 Nust
005 20170207153413.0
040 _cNust
082 _a005.1
100 _aQamar , NC Ali Mustafa BESE-07
245 _aRummage the passive email monitoring system for enterprise networks (Hard / Softcopy)
_cNC Ali Mustafa Qamar, NC Muhammad Alqama, NC Sana Tariq & NC Riffat Ara BESE-07
260 _bMCS
_c2005
300 _a68 p
538 _aAlmirah No.71 Shelf No.4
650 _a UG Projects
651 _a UG CS Projects
942 _cTHS
999 _c185449
_d185449